000 00473nam a2200169Ia 4500
003 IN-BaIIA
008 211028s9999 xx 000 0 eng d
040 _cIIA Library
080 _a523.4-54
_bLOC
100 _aLockyer, Norman
_91211
245 0 _aInorganic evolution as studied by spectrum analysis
_cNorman Lockyer
260 _aLondon
_bMacmillan
_c1900
300 _ax, 198p.
650 _aCosmochemistry
_91212
650 _aStellar evolution
_91213
942 _cBK
999 _c535
_d535